000 00430nam a2200181Ia 4500
001 10453
005 20260306161833.0
008 260306t1994||||xx |||||||||||||| ||spa||
041 _aESP
082 _a929.746
_bF89
100 _aFuente, Ismael
_eAUT
245 0 _aYo, Alfonso XIII:
_bel ocaso de un rey
260 _c1994
300 _a493 páginas :
_c21cm.
650 _aGEN
654 _aCHU
942 _cLIB
_dJUS
_fJUS
_2ddc
_n
999 _c10453
_d10453